480 questões objetivas comentadas : (Record no. 1210)

MARC details
000 -LÍDER
Campo Fixo de Controle 00986nam a2200289 a 4500
001 - NÚMERO DE CONTROLE
Campo de Controle 1210
003 - IDENTIFICAÇÃO DO NÚMERO DE CONTROLE
Campo de Controle BR-CuiBMT
005 - DATA E HORA DA ÚLTIMA ATUALIZAÇÃO
Campo de Controle 20231204231306.0
008 - DADOS FIXOS
Dados Fixos 231110s2016 dfba 000 0 por d
020 ## - INTERNATIONAL STANDARD BOOK NUMBER
Nº do ISBN 9788558050012
040 ## - AGÊNCIA CATALOGADORA
Código da Agência Catalogadora BR-CuiBMT
Agência que transcreveu o registro BR-CuiBMT
080 ## - Nº DA CLASSIFICAÇÃO DECIMAL UNIVERSAL
Nº edição CDU 2007
Nº Class. CDU 347.962
Subd. Auxiliar Comum (079)
090 ## - NÚMERO DE CHAMADA
Nº classificação 347.962(079)
Cutter Q2
245 00 - TÍTULO PRINCIPAL
Título principal 480 questões objetivas comentadas :
Subtítulo elaboradas pelos professores da CP Iuris /
Indicação de responsabilidade Daniel Pinheiro de Carvalho ... [et al.].
246 12 - FORMAS VARIANTES DO TÍTULO
Título principal Quatrocentos e oitenta questões comentadas
250 ## - EDIÇÃO
Edição 1. ed.
260 ## - PUBLICAÇÃO, DISTRIBUIÇÃO, ETC.
Local de publicação Brasília :
Editora CPIuris,
Data 2016.
300 ## - DESCRIÇÃO FÍSICA
N. páginas ou volumes 686 p. :
Ilustrações il. ;
Dimensões 24 cm
490 1# - INDICAÇÃO DE SÉRIE
Título da série Coleção #vouserjuiz
504 ## - NOTA DE BIBLIOGRAFIA, ETC.
Nota de bibliografia Inclui bibliografia.
650 ## - ASSUNTO TÓPICO
Cabeçalho tópico ou nome geográfico Normas jurídicas
Subdivisão geral Concursos, testes, exames
650 ## - ASSUNTO TÓPICO
Cabeçalho tópico ou nome geográfico Direito administrativo
Subdivisão geral Concursos, testes, exames
650 ## - ASSUNTO TÓPICO
Cabeçalho tópico ou nome geográfico Sistema jurídico
Subdivisão geral Concursos, testes, exames
700 1# - ENTRADA SECUNDÁRIA -- NOME PESSOAL
Nome pessoal Carvalho, Daniel Pinheiro
Cód. do termo explicativo et al.
830 #0 - ENTRADA SECUNDÁRIA DE SÉRIE -- TÍTULO UNIFORME
Título uniforme #VouSerJuiz
942 ## - ELEMENTOS DE ENTRADA ADICIONAIS (KOHA)
Fonte de classificação ou esquema de arquivamento Classificação Decimal Universal
Tipo de item do Koha Livros
Holdings
Estado: removido Estado: perdido Fonte de classificação ou esquema de arquivamento Estado: danificado Indisponível para empréstimo Localização permanente Localização atual Data de aquisição Total Checkouts Número de Chamada completo Código de barras Date last seen Número do exemplar Preço efetivo a partir de Tipo de item (Koha)
    Classificação Decimal Universal     Biblioteca da Escola Superior de Contas do TCE/MT Biblioteca da Escola Superior de Contas do TCE/MT 01/12/2023   347.962(079) Q2 BIBTCEMT23120011 01/12/2023 Ex. 1 01/12/2023 Livros

Powered by Koha